Economic analysis of projects / (Record no. 3465)

MARC details
000 -LEADER
fixed length control field 00978cam a2200289 i 4500
001 - CONTROL NUMBER
control field 328876
003 - CONTROL NUMBER IDENTIFIER
control field OSt
005 - DATE AND TIME OF LATEST TRANSACTION
control field 20160412160550.0
008 - FIXED-LENGTH DATA ELEMENTS--GENERAL INFORMATION
fixed length control field 751113s1975 mdu b 000 0 eng
010 ## - LIBRARY OF CONGRESS CONTROL NUMBER
LC control number 75040228
020 ## - INTERNATIONAL STANDARD BOOK NUMBER
International Standard Book Number 0801818176.
-- 0801818184
040 ## - CATALOGING SOURCE
Original cataloging agency DLC
Transcribing agency DLC
Modifying agency DLC
050 00 - LIBRARY OF CONGRESS CALL NUMBER
Classification number HD47
Item number .S67
082 00 - DEWEY DECIMAL CLASSIFICATION NUMBER
Classification number 658.1
Item number SQU 1975
100 1# - MAIN ENTRY--PERSONAL NAME
Personal name Squire, Lyn,
Dates associated with a name 1946-
9 (RLIN) 7740
245 10 - TITLE STATEMENT
Title Economic analysis of projects /
Statement of responsibility, etc. Lyn Squire, Herman G. van der Tak.
260 ## - PUBLICATION, DISTRIBUTION, ETC. (IMPRINT)
Place of publication, distribution, etc. Baltimore :
Name of publisher, distributor, etc. Published for the World Bank [by] Johns Hopkins University Press,
Date of publication, distribution, etc. 1975.
300 ## - PHYSICAL DESCRIPTION
Extent xi, 153 p. ;
Dimensions 23 cm.
440 #2 - SERIES STATEMENT/ADDED ENTRY--TITLE
Title A World Bank research publication
9 (RLIN) 7741
504 ## - BIBLIOGRAPHY, ETC. NOTE
Bibliography, etc Bibliography: p. 151-153.
650 #0 - SUBJECT ADDED ENTRY--TOPICAL TERM
Topical term or geographic name as entry element Economic development projects
General subdivision Evaluation.
9 (RLIN) 7742
650 #0 - SUBJECT ADDED ENTRY--TOPICAL TERM
Topical term or geographic name as entry element Expenditures, Public.
9 (RLIN) 7743
700 1# - ADDED ENTRY--PERSONAL NAME
Personal name Tak, Herman G. van der,
Relator term joint author.
9 (RLIN) 7744
710 2# - ADDED ENTRY--CORPORATE NAME
Corporate name or jurisdiction name as entry element World Bank.
9 (RLIN) 955
906 ## - LOCAL DATA ELEMENT F, LDF (RLIN)
a 7
b cbc
c orignew
d 1
e ocip
f 19
g y-gencatlg
942 ## - ADDED ENTRY ELEMENTS (KOHA)
Source of classification or shelving scheme Dewey Decimal Classification
Koha item type Short Loan
Holdings
Withdrawn status Lost status Source of classification or shelving scheme Damaged status Not for loan Home library Current library Date acquired Inventory number Total Checkouts Full call number Barcode Date last seen Price effective from Koha item type Source of acquisition
    Dewey Decimal Classification     MUST Main Library MUST Main Library 12/04/2016 15310   658.1 SQU 1975 2016-0728 12/04/2016 12/04/2016 Short Loan  
    Dewey Decimal Classification     MUST Main Library MUST Main Library 13/04/2016 1997/11320   658.1 SQU 1975 2016-0819 13/04/2016 13/04/2016 Short Loan  
    Dewey Decimal Classification     MUST Main Library MUST Main Library 08/10/2025 97/11322   658.1 SQU 1975 2025-0095 08/10/2025 08/10/2025 Short Loan Purchase